The state and society: Perú in comparative perspective

Gardado en:
Detalles Bibliográficos
Autor Principal: Stepan, Alfred (Author)
Formato: Libro
Idioma:inglés
Publicado: Princeton Princeton University 1978
Subjects:
Tags: Engadir etiqueta
Sen Etiquetas, Sexa o primeiro en etiquetar este rexistro!

MARC

LEADER 00000nam a2200000 a 4500
001 UCT6328
003 CL-VaPUC
008 970106e19780000us |||||||||||||||||eng|d
082 0 4 |a 320.985  |b STE  |2 21 
100 0 |a Stepan, Alfred  |e author  |9 376381 
245 1 4 |a The state and society: Perú in comparative perspective 
300 |a 348 p 
942 |c BK 
945 |d 19970106 00:00:00  |a paguirre 
260 |a Princeton  |b Princeton University  |c 1978 
650 0 |a Estado  |9 255503 
650 0 |a Sociedad  |9 307903 
650 7 |a SISTEMAS POLITICOS  |2 CL-VaPUC  |9 376382 
650 7 |a MARXISMO  |2 CL-VaPUC  |9 376383 
650 0 |a Gobierno   |9 255508 
650 7 |a POLITICA INTERNA  |2 CL-VaPUC  |9 342443 
651 0 |a Perú  |9 256567 
583 |a last modification  |c 20171205 02:47:13  |k Rodrigo Vera 
999 |c 255041  |d 255039 
952 |0 0  |1 0  |4 0  |6 320_985000000000000_STE_1978  |7 0  |8 A  |9 277083  |a BIBDER  |b BIBDER  |d 2019-11-19  |i 1801953  |o 320.985 STE 1978  |p 1801953  |r 2023-01-25  |w 2019-11-19  |y BK  |k DER